Crítica de la razón pura
Guardado en:
| Autor principal: | |
|---|---|
| Otros Autores: | |
| Formato: | Libro |
| Lenguaje: | español |
| Publicado: |
Buenos Aires
El Ateneo
1950
|
| Colección: | Colección Clásicos Inolvidables
|
| Materias: | |
| Etiquetas: |
Agregar Etiqueta
Sin Etiquetas, Sea el primero en etiquetar este registro!
|
MARC
| LEADER | 00000nam a2200000 a 4500 | ||
|---|---|---|---|
| 001 | UCZ3063 | ||
| 003 | CL-VaPUC | ||
| 005 | 20240820103257.0 | ||
| 008 | 951013e19500000AG |||||||||||||||||spa|d | ||
| 999 | |c 239592 |d 239590 | ||
| 040 | |c Pontificia Universidad Católica de Valparaíso | ||
| 082 | 0 | 4 | |a 142.3 |b KAN |2 21 |
| 100 | 1 | |a Kant, Emmanuel |e autor |9 863512 | |
| 245 | 1 | 0 | |a Crítica de la razón pura |
| 246 | 1 | 0 | |a Prolegómenos a toda metafísica futura |
| 260 | |a Buenos Aires |b El Ateneo |c 1950 | ||
| 300 | |a 711 p | ||
| 490 | 0 | |a Colección Clásicos Inolvidables | |
| 583 | |a last modification |c 19951013 00:00:00 |k Rodrigo Vera | ||
| 650 | 0 | |a Kantismo |9 311003 | |
| 650 | 0 | |a Teoría del conocimiento |9 255038 | |
| 650 | 0 | |a Fenomenología |9 256519 | |
| 650 | 0 | |a Filosofía alemana |9 265002 | |
| 650 | 0 | |a Razón |9 314475 | |
| 700 | 1 | |a Fernández Núñez, Manuel |e traductor |9 863511 | |
| 852 | |a BIBCUR | ||
| 942 | |c BK |2 ddc | ||
| 945 | |d 19951013 00:00:00 |a lriquelm | ||
| 952 | |0 0 |1 0 |4 0 |6 142_300000000000000_KAN_1950 |7 0 |8 R |9 250855 |a BIBEDU |b BIBEDU |c MCIRC |d 2019-11-18 |i 1583646 |o 142.3 KAN 1950 |p 1583646 |r 2023-01-13 |w 2019-11-18 |y BK_R |k FIL | ||